<?xml version="1.0" encoding="UTF-8"?>
<record
    xmlns:xsi="http://www.w3.org/2001/XMLSchema-instance"
    xsi:schemaLocation="http://www.loc.gov/MARC21/slim http://www.loc.gov/standards/marcxml/schema/MARC21slim.xsd"
    xmlns="http://www.loc.gov/MARC21/slim">

  <leader>02726agaaa2200313   4500</leader>
  <controlfield tag="001">5870</controlfield>
  <controlfield tag="003">IT-RoPAU</controlfield>
  <controlfield tag="005">20220918181239.0</controlfield>
  <controlfield tag="007">d cvaizq</controlfield>
  <controlfield tag="008">50131s9999||||xx ||| |     ||   ||und||</controlfield>
  <datafield tag="040" ind1=" " ind2=" ">
    <subfield code="a">IT-RoPAU</subfield>
    <subfield code="c">IT-RoPAU</subfield>
  </datafield>
  <datafield tag="041" ind1=" " ind2=" ">
    <subfield code="a">ITALIANO</subfield>
  </datafield>
  <datafield tag="100" ind1=" " ind2=" ">
    <subfield code="a">Bresson Robert</subfield>
    <subfield code="g">Codice regista SPICS: 8815</subfield>
    <subfield code="9">44644</subfield>
  </datafield>
  <datafield tag="130" ind1=" " ind2=" ">
    <subfield code="a">MOUCHETTE</subfield>
    <subfield code="9">44645</subfield>
  </datafield>
  <datafield tag="245" ind1=" " ind2=" ">
    <subfield code="a">MOUCHETTE</subfield>
    <subfield code="c">Prodotto da: Dauman Anatole -- Sceneggiatura: Bresson Robert -- Diretto da: Bresson Robert</subfield>
    <subfield code="p">MOUCHETTE (Rif. Codice opera principale : H5870)</subfield>
  </datafield>
  <datafield tag="250" ind1=" " ind2=" ">
    <subfield code="a">Edizione Standard</subfield>
  </datafield>
  <datafield tag="260" ind1=" " ind2=" ">
    <subfield code="a">ROMA (FRANCIA)</subfield>
    <subfield code="b">ARGOS / Distribuzione: MULTIMEDIA SAN PAOLO</subfield>
    <subfield code="g">"1967 (1&#xB0; ed.: 2005 ; Ed. Lingua Orig.: 1967)"</subfield>
  </datafield>
  <datafield tag="300" ind1=" " ind2=" ">
    <subfield code="a">DVD</subfield>
    <subfield code="b">sonoro, col.</subfield>
    <subfield code="c">78 minuti</subfield>
  </datafield>
  <datafield tag="508" ind1=" " ind2=" ">
    <subfield code="a">"Fotografia: Coqluet Ghislain; Montaggio: Lamy Raymond; Musica: Monteverdi Claudio; Sceneggiatura: Bresson Robert; Scenografia: Coqluet Ghislain; "</subfield>
  </datafield>
  <datafield tag="511" ind1=" " ind2=" ">
    <subfield code="a">"Cardinal Maria; Chabrun Raymonde; Guilbert Jean-Claude; Herbert Paul; Huguenin Suzan"</subfield>
  </datafield>
  <datafield tag="520" ind1=" " ind2=" ">
    <subfield code="a">"MOUCHETTE E' UN'ADOLESCENTE DI 14 ANNI CHE VIVE COL FRATELLO ANCORA IN FASCE E I GENITORI INTRISTITI DALL'ALCOOL E DAGLI STENTI, IN UN PAESE AGRICOLODELLA PROVENZA. PERENNEMENTE DERISA E UMILIATA DAGLI ADULTI E DAI COETANEI, MOUCHERRE REAGISCE COME PUO' CON INFANTILI DISPETTI. UN GIORNO, UN TEMPORALE LA SORPRENDE IN UN BOSCO, AL RITORNO DA SCUOLA; QUI ARSENE, UN BRACCONIERE, LA CONDUCE AL RIPARO NELLA SUA CAPANNA. L'UOMO CONFESSA A MOUCHETTE DIAVER UCCISO IL GUARDACACCIA; LA RAGAZZA ACCETTA DI AIUTARLO A CREARSI UN ALIBI E LO CURA AMOREVOLMENTE QUANDO HA UNA CRISI DI EPILESSIA. PASSATA LA CRISI, ARSENE APPROFITTA DI LEI. MOUCHETTE TORNA A CASA PER CONFIDARSI CON SUA MADRE, MA LA DONNA MUORE. LE DONNE DEL PAESE, CHE CONOSCONO IL SUO SEGRETO, LA IRRIDONO PERCHE' IL GUARDACACCIA NON E' AFFATTO MORTOED ARSENE HA INVENTATO UNA STORIA. AVVOLTA IN UN ABITO BIANCO, MOUCHETTE SI DIRIGE ALLORA VERSO IL FIUME E QUI ANNEGA. UMANITA' E I SUOI MALI. RIFIUTO DELLA CONVIVENZA SOCIALE COME DIFESA DEI VALORI DELLO SPIRITO. INNOCENZA. OLOCAUSTO PER LA REDENZIONE. MORTE IN BRESSON. PREMIO OCIC AL FESTIVAL DI CANNES 1967; PREMIO PASSINETTI AL FESTIVAL DI VENEZIA 1967; NASTRO D'ARGENTO REGISTA MIGLIOR FILM STRANIERO 1969. CONTRIBUTI EXTRA: BIOGRAFIA E FILMOGRAFIA ESSENZIALEDEL REGISTA; SCHEDA CRITICA DI PINO FARINOTTI."</subfield>
  </datafield>
  <datafield tag="538" ind1=" " ind2=" ">
    <subfield code="a">PAL, STEREO</subfield>
  </datafield>
  <datafield tag="546" ind1=" " ind2=" ">
    <subfield code="a">ITALIANO</subfield>
  </datafield>
  <datafield tag="650" ind1=" " ind2=" ">
    <subfield code="a">DRAMMATICO</subfield>
    <subfield code="e">DVD-FILM [DVD]</subfield>
    <subfield code="x">Codice MATERIA SPICS: 9947</subfield>
    <subfield code="9">44646</subfield>
  </datafield>
  <datafield tag="700" ind1=" " ind2=" ">
    <subfield code="a">Bernanos Georges </subfield>
    <subfield code="e">(soggetto)</subfield>
    <subfield code="g">Codice Soggetto SPICS: 9287</subfield>
    <subfield code="9">44647</subfield>
  </datafield>
  <datafield tag="700" ind1=" " ind2=" ">
    <subfield code="a">Bresson Robert </subfield>
    <subfield code="e">(regista)</subfield>
    <subfield code="g">Codice regista SPICS: 8815</subfield>
    <subfield code="9">44648</subfield>
  </datafield>
  <datafield tag="700" ind1=" " ind2=" ">
    <subfield code="a">Monteverdi Claudio</subfield>
    <subfield code="e">(musica)</subfield>
    <subfield code="g">Codice Musica SPICS: 3614</subfield>
    <subfield code="9">44649</subfield>
  </datafield>
  <datafield tag="942" ind1=" " ind2=" ">
    <subfield code="c">DV</subfield>
    <subfield code="2">ddc</subfield>
  </datafield>
  <datafield tag="999" ind1=" " ind2=" ">
    <subfield code="c">106019</subfield>
    <subfield code="d">106019</subfield>
  </datafield>
  <datafield tag="952" ind1=" " ind2=" ">
    <subfield code="0">0</subfield>
    <subfield code="1">0</subfield>
    <subfield code="4">0</subfield>
    <subfield code="6">H_5870_000000000000000</subfield>
    <subfield code="7">1</subfield>
    <subfield code="a">SPICS</subfield>
    <subfield code="b">SPICS</subfield>
    <subfield code="d">2015-01-31</subfield>
    <subfield code="l">0</subfield>
    <subfield code="o">H5870</subfield>
    <subfield code="r">2015-01-31 00:00:00</subfield>
    <subfield code="w">2015-01-31</subfield>
    <subfield code="y">DV</subfield>
    <subfield code="z">Progr. Ins.: 3333 / N.Vol.:1 / Copie: 1 / Pag.:0 / Copia rara: n.d. / date import: 1.2.2015 / By Epidotti, Trombetti, Vaglietti</subfield>
  </datafield>
</record>
